| 000 | 00513cam a2200193 a 4500 | ||
|---|---|---|---|
| 999 |
_c6869 _d6869 |
||
| 001 | 1414 | ||
| 003 | BD-DhUAP | ||
| 005 | 20210118095936.0 | ||
| 008 | 200222t19951989enka bf 001 0 eng c | ||
| 040 |
_aUKM _cUKM _dTXA _dBD-DhUAP _bEng |
||
| 082 | 0 | 0 |
_a709 GOM _223 |
| 100 | _aGombrich, E. H. | ||
| 245 | 0 | 0 |
_aThe story of art / _cE. H. Gombrich. |
| 260 |
_aLondon : _bPhaidon press limited, _c?. |
||
| 300 |
_a488 pages : _billustrations ; _c25 cm. |
||
| 500 | _aIncludes index. | ||
| 650 | _aArt. | ||
| 942 |
_2ddc _cBK |
||